FIAWEC - Courses - Map - Statistiques

Statistiques générales
  • Ce quiz a été pris 5 fois
  • Le résultat moyen est 11 sur 15
Réponses sur la Carte
Les réponses sont colorées sur une échelle allant du rouge au vert en fonction du pourcentage des utilisateurs qui les ont devinées à leur premier essai. Vous pouvez retrouver ces pourcentages ci-dessous.
 
Statistiques - réponses
Réponse % Correct
Imola
100%
Le Mans
100%
Monza
100%
Silverstone
100%
Bahreïn
80%
Spa-Francorchamps
80%
Fuji
80%
Mexico / Autódromo Hermanos Rodríguez
80%
Portimão
80%
São Paulo
80%
Nürburgring
60%
Qatar
60%
Sebring
60%
Shangai
40%
Lone Star Le Mans / Circuit des Amériques
20%
Aucun quiz correspondant
Distribution des résultats
% des personnes avec chaque résultat
Percentile par nombre de réponses
Votre historique - résultats
Vous n’avez pas pris ce quiz